| 000 | 00518nam a2200169Ia 4500 | ||
|---|---|---|---|
| 003 | GCL | ||
| 008 | 140319s9999 xx 000 0 ara d | ||
| 040 |
_aGCL / _cGCL |
||
| 082 | 0 | 4 |
_a214 _bع ق |
| 100 | 1 | _aعباس حسن الحسينى | |
| 245 | 1 | 0 |
_aقراءات فى رحاب الايمان الالهيات الجزء الاول والثالث / _cعباس حسن الحسينى |
| 300 | _a286 ص | ||
| 490 | _a | ||
| 650 | 0 | 4 | _aالاسلام |
| 650 | 0 | 4 | _aالشريعة الاسلامية |
| 942 |
_2ddc _cBK |
||
| 999 |
_c45097 _d45097 |
||